[Event "Meltwater Tour Final 2021"]
[Site "chess24.com INT"]
[Date "2021.10.01"]
[Round "6.3"]
[White "Aronian, Levon"]
[Black "Duda, Jan-Krzysztof"]
[Result "1/2-1/2"]
[WhiteTitle "GM"]
[BlackTitle "GM"]
[WhiteElo "2782"]
[BlackElo "2756"]
[WhiteFideId "13300474"]
[BlackFideId "1170546"]
[EventDate "2021.09.25"]

1. e4 e6 2. d4 d5 3. Nc3 Bb4 4. e5 c5 5. a3 Bxc3+ 6. bxc3 Ne7 7. h4 Qc7 8. h5 h6
9. Rh3 b6 10. Qg4 Rg8 11. Rf3 Ba6 12. Bxa6 Nxa6 13. Ne2 cxd4 14. cxd4 Qxc2 15.
Bd2 Rc8 16. Rc1 Qe4 17. Rxc8+ Nxc8 18. Qxe4 dxe4 19. Rg3 Ne7 20. Nc3 Nf5 21. Rg4
Nc7 22. Nxe4 Nd5 23. Nf6+ Nxf6 24. exf6 g6 25. Ke2 Rh8 26. hxg6 fxg6 27. Rxg6
Kf7 28. Rg4 Rd8 29. Kd3 Kxf6 30. Re4 h5 31. Bf4 Rd5 32. f3 Ra5 33. Bc1 h4 34.
Rg4 Kf7 35. Kc3 Rb5 36. Bg5 a5 37. a4 Rb1 38. Bxh4 b5 39. axb5 a4 40. d5 a3 41.
Ra4 Nxh4 42. dxe6+ Kxe6 43. Rxa3 Rxb5 44. Kc4 Rf5 45. Ra6+ Kf7 46. Ra2 Nxg2 47.
Rxg2 Rxf3 48. Kd4 Rf6 49. Ke3 Rg6 50. Rxg6 Kxg6 1/2-1/2

[Event "Meltwater Tour Final 2021"]
[Site "chess24.com INT"]
[Date "2021.10.01"]
[Round "6.3"]
[White "Giri, Anish"]
[Black "Carlsen, Magnus"]
[Result "1/2-1/2"]
[WhiteTitle "GM"]
[BlackTitle "GM"]
[WhiteElo "2777"]
[BlackElo "2855"]
[WhiteFideId "24116068"]
[BlackFideId "1503014"]
[EventDate "2021.09.25"]

1. c4 Nf6 2. g3 c5 3. Bg2 Nc6 4. Nc3 e6 5. Nf3 d5 6. cxd5 exd5 7. d4 cxd4 8.
Nxd4 Bc5 9. Nb3 Bb6 10. Na4 O-O 11. Nxb6 axb6 12. Nd4 Re8 13. O-O Nxd4 14. Qxd4
Rxe2 15. Be3 Rc2 16. Rfc1 Rxc1+ 17. Rxc1 Bd7 18. Qxb6 Qxb6 19. Bxb6 Rxa2 20. Bd4
Bc6 21. b4 Ra4 22. Bxf6 gxf6 23. b5 Bxb5 24. Bxd5 Bc6 25. Bxc6 bxc6 26. Rxc6 Kg7
27. Kg2 Ra2 28. Kg1 Ra1+ 29. Kg2 Ra2 30. Kg1 Ra1+ 31. Kg2 Ra2 1/2-1/2

[Event "Meltwater Tour Final 2021"]
[Site "chess24.com INT"]
[Date "2021.10.01"]
[Round "6.4"]
[White "Duda, Jan-Krzysztof"]
[Black "Aronian, Levon"]
[Result "1/2-1/2"]
[WhiteTitle "GM"]
[BlackTitle "GM"]
[WhiteElo "2756"]
[BlackElo "2782"]
[WhiteFideId "1170546"]
[BlackFideId "13300474"]
[EventDate "2021.09.25"]

1. d4 Nf6 2. c4 c5 3. d5 e5 4. Nc3 d6 5. e4 Nbd7 6. Bd3 Be7 7. Nf3 O-O 8. O-O
Nh5 9. g3 g6 10. Ne1 Ndf6 11. Ng2 Bh3 12. f3 Kh8 13. Rf2 Ng8 14. a3 f5 15. exf5
gxf5 16. f4 e4 17. Bf1 Nhf6 18. Ne3 Bxf1 19. Qxf1 Nh6 20. h3 Rg8 21. Kh2 Qd7 22.
Qe2 Rg6 23. Bd2 Rag8 24. Rg1 Bd8 25. Ncd1 Qg7 26. Nf1 Nd7 27. Bc3 Bf6 28. Bxf6
Qxf6 29. Nde3 a6 30. Kh1 Nf7 31. g4 fxg4 32. hxg4 Rh6+ 33. Nh2 Rh3 34. g5 Qg6
35. b4 h6 36. Qb2+ Qg7 37. Qxg7+ Rxg7 38. Nf5 hxg5 39. Nxg7 Kxg7 40. Re2 Rxa3
41. Rxe4 cxb4 42. Re7 Nc5 43. fxg5 Kg6 44. Re8 b3 45. Rg8+ Kh7 46. Re8 Ne5 47.
g6+ Nxg6 48. Re3 Nf4 49. Rf3 Ncd3 50. Ng4 b2 51. Nf6+ Kh6 52. Ng8+ Kh7 53. Nf6+
Kh6 54. Ng8+ Kh7 55. Nf6+ 1/2-1/2

[Event "Meltwater Tour Final 2021"]
[Site "chess24.com INT"]
[Date "2021.10.01"]
[Round "6.4"]
[White "Carlsen, Magnus"]
[Black "Giri, Anish"]
[Result "1/2-1/2"]
[WhiteTitle "GM"]
[BlackTitle "GM"]
[WhiteElo "2855"]
[BlackElo "2777"]
[WhiteFideId "1503014"]
[BlackFideId "24116068"]
[EventDate "2021.09.25"]

1. e4 c5 2. Nf3 d6 3. Bb5+ Bd7 4. Bxd7+ Qxd7 5. c4 Nf6 6. Nc3 Nc6 7. d4 cxd4 8.
Nxd4 g6 9. h3 Bg7 10. Be3 O-O 11. O-O a6 12. Rc1 Nxd4 13. Bxd4 b5 14. Bxf6 Bxf6
15. Nd5 Rad8 16. cxb5 Qxb5 17. Nxf6+ exf6 18. Qd4 d5 19. exd5 Qxd5 20. Qxf6 Qxa2
21. Ra1 Qb3 22. Rxa6 Rb8 23. Rb1 Qc2 24. Raa1 Rb3 25. h4 h5 26. Rc1 Qxb2 27.
Qxb2 Rxb2 28. Ra3 Rbb8 29. Rac3 Rb7 30. g3 Kg7 31. Rc8 Rxc8 32. Rxc8 Rb1+ 33.
Kg2 Rb2 34. Kg1 Rb1+ 35. Kg2 Rb2 36. Kg1 Rb1+ 1/2-1/2

[Event "Meltwater Tour Final 2021"]
[Site "chess24.com INT"]
[Date "2021.10.01"]
[Round "6.4"]
[White "So, Wesley"]
[Black "Radjabov, Teimour"]
[Result "0-1"]
[WhiteTitle "GM"]
[BlackTitle "GM"]
[WhiteElo "2778"]
[BlackElo "2763"]
[WhiteFideId "5202213"]
[BlackFideId "13400924"]
[EventDate "2021.09.25"]

1. e4 e5 2. Nf3 Nc6 3. Bc4 Bc5 4. O-O Nf6 5. d3 O-O 6. Bg5 h6 7. Bh4 Be7 8. Bg3
d6 9. a4 Nh7 10. Nc3 Ng5 11. Nd2 Ne6 12. Nd5 Bg5 13. Nf3 Ne7 14. h4 Bf4 15. Bxf4
exf4 16. Nxe7+ Qxe7 17. d4 g5 18. Nh2 gxh4 19. Re1 Kh8 20. e5 Qg5 21. Nf3 Qg4
22. exd6 h3 23. Bf1 hxg2 24. Be2 Ng5 25. d5 Qh5 0-1

[Event "Meltwater Tour Final 2021"]
[Site "chess24.com INT"]
[Date "2021.10.01"]
[Round "6.4"]
[White "Vachier-Lagrave, Maxime"]
[Black "Artemiev, Vladislav"]
[Result "1-0"]
[WhiteTitle "GM"]
[BlackTitle "GM"]
[WhiteElo "2763"]
[BlackElo "2699"]
[WhiteFideId "623539"]
[BlackFideId "24101605"]
[EventDate "2021.09.25"]

1. e4 c6 2. d4 d5 3. e5 Bf5 4. Nf3 e6 5. Be2 Bg6 6. O-O Nh6 7. a4 Be7 8. Bxh6
gxh6 9. a5 O-O 10. Qd2 Kg7 11. b4 Nd7 12. c3 b6 13. axb6 axb6 14. Na3 Qc7 15.
Nc2 Qb7 16. Ne3 Rxa1 17. Rxa1 Ra8 18. Qb2 b5 19. Ne1 Nb6 20. Rxa8 Qxa8 21. f4
Nc4 22. Nxc4 bxc4 23. Bd1 h5 24. Bc2 Qa7 25. g3 Kf8 26. Kf2 Kg7 27. Ke2 Qa8 28.
Kd2 f6 29. exf6+ Bxf6 30. Bxg6 hxg6 31. Nf3 Qa4 32. h3 Qa8 33. Ke2 Qa7 34. g4
hxg4 35. hxg4 Qb8 36. Ke3 Qa8 37. g5 Be7 38. Qh2 Qa1 39. Qh6+ Kf7 40. Qh7+ Ke8
41. Qxg6+ Kd7 42. Qc2 Qf1 43. g6 Bf6 44. f5 Qh3 45. fxe6+ Kxe6 46. Kf4 Qh5 47.
Qb1 Qh3 48. Qe1+ Kd7 49. Qg3 Qh6+ 50. Kf5 Qf8 51. Qh3 Kd8 52. Kg4 Qe8 53. Qh6
Qe6+ 54. Kg3 Qe7 55. Qh7 Bg7 56. Qg8+ Kd7 57. Qb8 Ke6 58. Qc8+ Kd6 59. b5 cxb5
60. Qa6+ Kc7 61. Qa7+ Kd6 62. Qb6+ Kd7 63. Qxb5+ Ke6 64. Kg4 Qc7 65. Ng5+ Kd6
66. Nf7+ Ke6 67. Qe8+ Kf6 68. Ng5 Bh6 69. g7 Bxg5 70. Qf8+ 1-0

[Event "Meltwater Tour Final 2021"]
[Site "chess24.com INT"]
[Date "2021.10.01"]
[Round "6.5"]
[White "Vachier-Lagrave, Maxime"]
[Black "Artemiev, Vladislav"]
[Result "1/2-1/2"]
[WhiteTitle "GM"]
[BlackTitle "GM"]
[WhiteElo "2763"]
[BlackElo "2699"]
[WhiteFideId "623539"]
[BlackFideId "24101605"]
[EventDate "2021.09.25"]

1. e4 Nf6 2. e5 Nd5 3. d4 d6 4. Nf3 dxe5 5. Nxe5 c6 6. Nd2 Nd7 7. Ndf3 Nxe5 8.
Nxe5 g6 9. h4 Bg7 10. h5 Be6 11. c3 Qd6 12. Nc4 Qc7 13. Qf3 O-O-O 14. Be2 c5 15.
h6 Bf6 16. dxc5 Qxc5 17. O-O Nxc3 18. bxc3 Bxc4 19. Rb1 Bd5 20. Qf4 Qc6 21. Be3
e5 22. Qb4 a6 23. Qa5 Rd6 24. Rb6 Qc7 25. Bxa6 bxa6 26. Rd1 Rhd8 27. Rxd5 Rxb6
28. Bxb6 Rxd5 29. Qxd5 Qxb6 30. Qxf7 Qb1+ 31. Kh2 Qf5 32. Qxh7 Qh5+ 33. Kg1 Qd1+
34. Kh2 Qh5+ 35. Kg1 Qd1+ 36. Kh2 Qh5+ 1/2-1/2

[Event "Meltwater Tour Final 2021"]
[Site "chess24.com INT"]
[Date "2021.10.01"]
[Round "6.5"]
[White "Giri, Anish"]
[Black "Carlsen, Magnus"]
[Result "0-1"]
[WhiteTitle "GM"]
[BlackTitle "GM"]
[WhiteElo "2777"]
[BlackElo "2855"]
[WhiteFideId "24116068"]
[BlackFideId "1503014"]
[EventDate "2021.09.25"]

1. e4 c5 2. Nf3 Nc6 3. Bb5 e6 4. O-O Nge7 5. d4 cxd4 6. Nxd4 Qb6 7. Be3 Nxd4 8.
a4 Nxb5 9. Bxb6 axb6 10. Nd2 Nd6 11. e5 Ndf5 12. Ne4 Nc6 13. g4 Nh4 14. f4 h5
15. h3 hxg4 16. hxg4 d5 17. exd6 Ra5 18. c4 f5 19. b4 Nxb4 20. d7+ Bxd7 21. Nd6+
Bxd6 22. Qxd6 Nc6 23. Rad1 Bc8 24. g5 Ng6 25. Rf2 Kf7 26. Qc7+ Nce7 27. Rd8 Rxd8
28. Qxd8 Rxa4 29. Qc7 e5 30. fxe5 Be6 31. Qxb7 Rxc4 32. Qxb6 Nxe5 33. Re2 Rc6
34. Qe3 N5g6 35. Kh2 Bc4 36. Rb2 Re6 37. Qf3 Re4 38. Rb7 Be6 39. Kg1 Rg4+ 40.
Kh2 Rxg5 41. Rb6 Bd5 42. Qe3 Rg2+ 43. Kh3 Rg4 44. Kh2 f4 45. Qd4 Rg5 46. Rd6 f3
47. Rd7 Rf5 48. Qg4 Be6 49. Rd1 Ne5 50. Qh4 f2 51. Kg2 Bd5+ 52. Kf1 Bc4+ 53. Kg2
f1=Q+ 0-1

[Event "Meltwater Tour Final 2021"]
[Site "chess24.com INT"]
[Date "2021.10.01"]
[Round "6.6"]
[White "Carlsen, Magnus"]
[Black "Giri, Anish"]
[Result "1/2-1/2"]
[WhiteTitle "GM"]
[BlackTitle "GM"]
[WhiteElo "2855"]
[BlackElo "2777"]
[WhiteFideId "1503014"]
[BlackFideId "24116068"]
[EventDate "2021.09.25"]

1. e4 c5 2. Nf3 d6 3. Bb5+ Nd7 4. d4 cxd4 5. Qxd4 a6 6. Bxd7+ Bxd7 7. c4 Nf6 8.
Nc3 g6 9. O-O Bg7 10. a4 O-O 11. Qd3 Bc6 12. Nd4 Nd7 13. Be3 Rc8 14. b3 Nc5 15.
Qc2 Qd7 16. Rad1 f5 17. exf5 gxf5 18. Nxc6 Rxc6 19. Rfe1 f4 20. Bd4 f3 21. Nd5
Qg4 22. Ne3 Qg5 23. Bxg7 Qxg7 24. g3 e5 25. h4 Ne6 26. Qe4 Kh8 27. Nf5 Qf6 28.
Nxd6 Nd4 29. Rxd4 exd4 30. Ne8 Qf7 31. Qxd4+ Kg8 32. Nd6 Qd7 33. Qd5+ Kh8 34.
Qd4+ Qg7 35. Re5 Rc7 36. Qe3 Rd7 37. c5 a5 38. Kh2 Qf6 39. Rf5 Qg7 40. Ne8 Rxf5
41. Nxg7 Kxg7 42. g4 Rff7 43. Qe5+ Kg8 44. Qe8+ Kg7 45. Qe5+ Kg8 46. Qe8+ Kg7
47. Qe5+ 1/2-1/2

[Event "Meltwater Tour Final 2021"]
[Site "chess24.com INT"]
[Date "2021.10.01"]
[Round "6.6"]
[White "Artemiev, Vladislav"]
[Black "Vachier-Lagrave, Maxime"]
[Result "1-0"]
[WhiteTitle "GM"]
[BlackTitle "GM"]
[WhiteElo "2699"]
[BlackElo "2763"]
[WhiteFideId "24101605"]
[BlackFideId "623539"]
[EventDate "2021.09.25"]

1. Nf3 f5 2. g3 Nf6 3. Bg2 g6 4. b3 Bg7 5. Bb2 O-O 6. O-O a5 7. c4 a4 8. b4 d6
9. d4 Nbd7 10. d5 Nb6 11. Na3 h6 12. Rc1 e5 13. dxe6 Bxe6 14. Nd4 Bc8 15. Ndb5
Qe7 16. Qd3 Ne4 17. Bxg7 Kxg7 18. Rfd1 Nd7 19. Qe3 Qd8 20. c5 d5 21. c6 bxc6 22.
Rxc6 Ndf6 23. Rxc7+ Bd7 24. Qd4 Rb8 25. Ra7 Kg8 26. Nc7 Rf7 27. Bxe4 dxe4 28.
Nd5 Be8 29. Nxf6+ Qxf6 30. Qxf6 Rxf6 31. b5 Rfb6 32. Rxa4 Bxb5 33. Nxb5 Rxb5 34.
Kg2 Rb2 35. Kf1 Rb1 36. Rxb1 Rxb1+ 37. Kg2 Rb2 38. e3 Kg7 39. h3 h5 40. g4 h4
41. g5 Kf7 42. Ra7+ Kg8 43. a4 Ra2 44. a5 f4 45. exf4 e3 46. Kf3 exf2 47. Kg2
Ra4 48. Kxf2 Rxf4+ 49. Ke3 Rb4 50. a6 Rb6 51. Kd4 Re6 52. Kd5 Rb6 53. Kc5 Re6
54. Kb5 Re5+ 55. Kc6 Re6+ 56. Kd7 Rb6 57. Ke7 Rc6 58. Kd8 Re6 59. Ra8 Kg7 60.
Kd7 Re5 61. Rb8 Ra5 62. Rb6 Rxg5 63. Kc8 Ra5 64. Kb7 Kh6 65. a7 Kh5 66. a8=Q
Rxa8 67. Kxa8 1-0

[Event "Meltwater Tour Final 2021"]
[Site "chess24.com INT"]
[Date "2021.10.02"]
[Round "7.1"]
[White "Carlsen, Magnus"]
[Black "Radjabov, Teimour"]
[Result "1/2-1/2"]
[WhiteTitle "GM"]
[BlackTitle "GM"]
[WhiteElo "2855"]
[BlackElo "2763"]
[WhiteFideId "1503014"]
[BlackFideId "13400924"]
[EventDate "2021.09.25"]

1. e4 e5 2. Nf3 Nc6 3. Bb5 Nf6 4. d3 Bc5 5. Bxc6 dxc6 6. O-O Nd7 7. c3 O-O 8. d4
Bd6 9. Bg5 Qe8 10. Re1 c5 11. Na3 cxd4 12. cxd4 f6 13. Bh4 Nb6 14. Bg3 Bg4 15.
Qb3+ Kh8 16. Nb5 Bxf3 17. gxf3 Rd8 18. Rac1 Qe7 19. a4 Nc8 20. Red1 a6 21. Nxd6
cxd6 22. Qe3 g5 23. Rc3 Qe8 24. Rdc1 Qxa4 25. Rc7 Qe8 26. h4 gxh4 27. Qh6 Qg6
28. Qxh4 Na7 29. Rxb7 Nb5 30. dxe5 dxe5 31. Kg2 Rde8 32. Rc6 Nd4 33. Rxa6 Ne6
34. Raa7 h5 35. Kf1 Ra8 36. Rh7+ Qxh7 37. Rxh7+ Kxh7 38. Qxh5+ Kg7 39. f4 exf4
40. Qg4+ Kf7 41. Bxf4 Nxf4 42. Qxf4 Rfe8 43. Qf5 Kg7 44. f4 Re7 45. Qg4+ Kf8 46.
Qh4 Kg7 47. e5 Rf8 48. b4 Kg8 49. Qg3+ Rg7 50. Qb3+ Kh8 51. e6 f5 52. b5 Re7 53.
b6 Kg7 54. Qd5 Kg6 55. b7 Rb8 56. Qg2+ Kf6 57. Qg5+ Kxe6 58. Qg6+ Kd7 59. Qxf5+
Kd6 60. Qd3+ Kc7 61. Qc4+ Kd7 62. Qd5+ Kc7 63. Qc5+ Kd7 64. Qd4+ Kc7 65. Qc4+
Kd7 66. f5 Rxb7 67. f6 Re5 68. Qg4+ Kd6 69. Qg6 Rb8 70. Qd3+ Ke6 71. Qa6+ Kf5
72. Qd3+ Ke6 73. Qa6+ Kf5 74. Qd3+ Ke6 1/2-1/2

[Event "Meltwater Tour Final 2021"]
[Site "chess24.com INT"]
[Date "2021.10.02"]
[Round "7.1"]
[White "Mamedyarov, Shakhriyar"]
[Black "Giri, Anish"]
[Result "1-0"]
[WhiteTitle "GM"]
[BlackTitle "GM"]
[WhiteElo "2762"]
[BlackElo "2777"]
[WhiteFideId "13401319"]
[BlackFideId "24116068"]
[EventDate "2021.09.25"]

1. c4 Nf6 2. b3 e5 3. Bb2 Nc6 4. e3 d5 5. cxd5 Nxd5 6. a3 Be6 7. Bb5 f6 8. Ne2
Qd6 9. Qc2 a6 10. Bxc6+ Qxc6 11. Qxc6+ bxc6 12. d4 exd4 13. Nxd4 Bd7 14. Nd2 c5
15. Ne2 Be6 16. Rc1 Rb8 17. e4 Nb6 18. e5 Nd7 19. exf6 Nxf6 20. O-O Bd6 21. Bxf6
gxf6 22. Ne4 Kf7 23. Nxc5 Bxb3 24. Nxa6 Rb7 25. Nc5 Rb5 26. Ne4 Rb7 27. Nxd6+
cxd6 28. Nd4 Ra8 29. Rc3 Be6 30. Re1 Bd7 31. Rce3 Kg6 32. g3 Rba7 33. Ra1 Ra5
34. Ne2 Kf7 35. Nf4 R8a7 36. h4 Bf5 37. Kh2 d5 38. Rd1 Rxa3 39. Rxa3 Rxa3 40.
Rxd5 Be4 41. Rd7+ Ke8 42. Rd4 f5 43. Rd1 Ra2 44. Kg1 Kf7 45. Kf1 Bf3 46. Rc1 Kf6
47. Ke1 h6 48. Rb1 Ra6 49. Rb3 Bc6 50. f3 Kf7 51. Kf2 Ra2+ 52. Ke3 Ra4 53. Nd3
Bd5 54. Rb5 f4+ 55. gxf4 Ba8 56. Rb6 Kg7 57. f5 Bd5 58. f6+ Kh7 59. Ne5 Ra7 60.
Kf4 Rc7 61. Rd6 Bb3 62. Rd8 Ra7 63. Re8 Ra6 64. Re7+ Kg8 65. Rg7+ Kf8 66. Rg6
Ra4+ 67. Kg3 Ra5 68. f4 Be6 69. Rxh6 Ra3+ 70. Kf2 Kg8 71. Rg6+ Kf8 72. f7 1-0

[Event "Meltwater Tour Final 2021"]
[Site "chess24.com INT"]
[Date "2021.10.02"]
[Round "7.1"]
[White "Duda, Jan-Krzysztof"]
[Black "Artemiev, Vladislav"]
[Result "1/2-1/2"]
[WhiteTitle "GM"]
[BlackTitle "GM"]
[WhiteElo "2756"]
[BlackElo "2699"]
[WhiteFideId "1170546"]
[BlackFideId "24101605"]
[EventDate "2021.09.25"]

1. d4 d5 2. c4 e6 3. Nc3 c5 4. cxd5 exd5 5. Nf3 Nc6 6. Bg5 Be7 7. Bxe7 Ngxe7 8.
dxc5 d4 9. Ne4 O-O 10. g3 Qd5 11. Ned2 Qxc5 12. Bg2 Be6 13. O-O Qb5 14. Nb3 Rfd8
15. Ne1 a5 16. Nd3 b6 17. Nf4 Bxb3 18. Qxb3 Qxb3 19. axb3 Rac8 20. Nd3 g6 21.
Rfc1 Nd5 22. Rc4 Ndb4 23. Bxc6 Nxc6 24. Rac1 Ne7 25. Rc7 Kf8 26. Kg2 Rxc7 27.
Rxc7 Rd5 28. Kf3 Rd6 29. Rb7 Re6 30. h4 h6 31. b4 axb4 32. Nxb4 Nc6 33. Nd3 Na5
34. Rc7 Nb3 35. Rc2 Kg7 36. Nf4 Re5 37. g4 Rc5 38. Rxc5 bxc5 39. Ke4 c4 40. Nd5
Kf8 41. f4 Ke8 42. h5 gxh5 43. gxh5 Kf8 44. f5 Ke8 45. Nf6+ Ke7 46. Ng8+ Kf8 47.
Nxh6 c3 48. bxc3 dxc3 49. Kd3 Nc1+ 50. Kxc3 Nxe2+ 51. Kc4 Ng3 52. f6 Nxh5 53.
Kb5 Nxf6 54. Nxf7 Kxf7 1/2-1/2

[Event "Meltwater Tour Final 2021"]
[Site "chess24.com INT"]
[Date "2021.10.02"]
[Round "7.1"]
[White "So, Wesley"]
[Black "Aronian, Levon"]
[Result "0-1"]
[WhiteTitle "GM"]
[BlackTitle "GM"]
[WhiteElo "2778"]
[BlackElo "2782"]
[WhiteFideId "5202213"]
[BlackFideId "13300474"]
[EventDate "2021.09.25"]

1. e4 e5 2. Nf3 Nf6 3. Nxe5 d6 4. Nf3 Nxe4 5. Nc3 Nxc3 6. dxc3 Be7 7. Be3 O-O 8.
Qd2 Nd7 9. O-O-O c6 10. h4 d5 11. Kb1 Re8 12. Bd3 Bc5 13. Bg5 f6 14. Bf4 Ne5 15.
Nd4 Bb6 16. Be2 Nc4 17. Bxc4 dxc4 18. h5 Bxd4 19. Qxd4 Qxd4 20. Rxd4 Be6 21. b3
Bd5 22. f3 b5 23. Kc1 Re2 24. Rd2 Rae8 25. Kd1 Rxg2 26. Rxg2 Bxf3+ 0-1

[Event "Meltwater Tour Final 2021"]
[Site "chess24.com INT"]
[Date "2021.10.02"]
[Round "7.2"]
[White "Artemiev, Vladislav"]
[Black "Duda, Jan-Krzysztof"]
[Result "1/2-1/2"]
[WhiteTitle "GM"]
[BlackTitle "GM"]
[WhiteElo "2699"]
[BlackElo "2756"]
[WhiteFideId "24101605"]
[BlackFideId "1170546"]
[EventDate "2021.09.25"]

1. Nf3 Nf6 2. g3 d5 3. Bg2 e6 4. O-O Be7 5. c4 O-O 6. b3 c5 7. cxd5 Nxd5 8. Nc3
Bf6 9. Bb2 Nxc3 10. Bxc3 Bxc3 11. dxc3 Qe7 12. Qd3 Rd8 13. Qe3 Nc6 14. a3 Bd7
15. b4 Be8 16. Rfd1 b6 17. bxc5 Qxc5 18. Qxc5 bxc5 19. Ng5 Rxd1+ 20. Rxd1 Rd8
21. Rxd8 Nxd8 22. f4 h6 23. Ne4 Nb7 24. Nf6+ gxf6 25. Bxb7 Bb5 26. Kf2 Kg7 27.
Kf3 Kg6 28. g4 f5 29. gxf5+ Kxf5 30. e4+ Kg6 31. e5 f6 32. Be4+ f5 33. Bb7 Kh5
34. Kg3 Bc4 35. Bc6 Kg6 36. Be8+ Kg7 37. Kh4 Kf8 38. Bd7 Kg7 39. Bc8 Kg6 40. Bd7
Kg7 41. Bc8 Kg6 42. Bd7 Kg7 1/2-1/2

[Event "Meltwater Tour Final 2021"]
[Site "chess24.com INT"]
[Date "2021.10.02"]
[Round "7.2"]
[White "Radjabov, Teimour"]
[Black "Carlsen, Magnus"]
[Result "1/2-1/2"]
[WhiteTitle "GM"]
[BlackTitle "GM"]
[WhiteElo "2763"]
[BlackElo "2855"]
[WhiteFideId "13400924"]
[BlackFideId "1503014"]
[EventDate "2021.09.25"]

1. d4 Nf6 2. c4 g6 3. Nc3 Bg7 4. e4 d6 5. Nf3 O-O 6. Be2 e5 7. O-O exd4 8. Nxd4
Re8 9. f3 Nc6 10. Be3 Nh5 11. Qd2 Nf4 12. Rfd1 Nxd4 13. Bxd4 Bxd4+ 14. Qxd4
Nxe2+ 15. Nxe2 b6 16. Nc3 Bb7 17. Rac1 Qg5 18. Nd5 Bxd5 19. cxd5 Re7 20. Rc2 f5
21. Rdc1 fxe4 22. fxe4 Rc8 23. Rc6 Qf4 24. Re1 Rce8 25. Qe3 Qh4 26. Qf2 Rxe4 27.
Qxh4 Rxe1+ 28. Kf2 R8e2+ 29. Kf3 Re3+ 30. Kf2 R3e2+ 31. Kf3 Re3+ 32. Kf2 R3e2+ 1/2-1/2

[Event "Meltwater Tour Final 2021"]
[Site "chess24.com INT"]
[Date "2021.10.02"]
[Round "7.2"]
[White "Aronian, Levon"]
[Black "So, Wesley"]
[Result "1-0"]
[WhiteTitle "GM"]
[BlackTitle "GM"]
[WhiteElo "2782"]
[BlackElo "2778"]
[WhiteFideId "13300474"]
[BlackFideId "5202213"]
[EventDate "2021.09.25"]

1. e4 e5 2. Nf3 Nc6 3. Bc4 Nf6 4. d3 Bc5 5. Nc3 h6 6. h3 a6 7. Be3 d6 8. a4 Bxe3
9. fxe3 Be6 10. b3 d5 11. exd5 Nxd5 12. Nxd5 Bxd5 13. e4 Bxc4 14. bxc4 O-O 15.
O-O Nd4 16. Kh2 Ne6 17. Qe1 f6 18. Qg3 Nd4 19. Rf2 Nxf3+ 20. Rxf3 Qd7 21. Qg6
Qf7 22. Qg4 b6 23. Raf1 Kh7 24. Qf5+ Qg6 25. g4 c6 26. Rb1 Rfb8 27. Rb3 b5 28.
axb5 axb5 29. cxb5 Ra2 30. b6 Rxc2+ 31. Kg3 Rc5 32. Qd7 Qg5 33. b7 h5 34. Rb2
Rc1 35. Rf5 Qe3+ 36. Kh4 Qe1+ 37. Rbf2 Rc2 38. Qf7 Qxf2+ 39. Rxf2 Rxf2 40. Qc7
Rxb7 41. Qxb7 hxg4 42. hxg4 Rf3 43. g5 Kg6 44. Qd7 Rf4+ 45. Kg3 c5 46. gxf6 gxf6
47. Qc8 1-0

[Event "Meltwater Tour Final 2021"]
[Site "chess24.com INT"]
[Date "2021.10.02"]
[Round "7.2"]
[White "Giri, Anish"]
[Black "Mamedyarov, Shakhriyar"]
[Result "1/2-1/2"]
[WhiteTitle "GM"]
[BlackTitle "GM"]
[WhiteElo "2777"]
[BlackElo "2762"]
[WhiteFideId "24116068"]
[BlackFideId "13401319"]
[EventDate "2021.09.25"]

1. Nf3 Nf6 2. c4 e6 3. g3 d5 4. d4 dxc4 5. Bg2 Nc6 6. O-O Rb8 7. Nc3 Be7 8. Qa4
O-O 9. Qxc4 Nd5 10. Rd1 Na5 11. Qd3 b6 12. e4 Nxc3 13. Qxc3 Bb7 14. d5 exd5 15.
exd5 Bf6 16. Qc2 b5 17. Be3 a6 18. Nd2 Bxd5 19. Nb3 c6 20. Nxa5 Qxa5 21. Bxd5
cxd5 22. Rxd5 Rfc8 23. Qd2 Qxd2 24. Rxd2 a5 25. Rad1 a4 26. Bf4 Rb6 27. Be5 g6
28. Bxf6 Rxf6 29. Rd8+ Rxd8 30. Rxd8+ Kg7 31. Rd5 Rb6 32. Kg2 Kf6 33. Kf3 b4 34.
Ra5 b3 35. Rxa4 bxa2 36. Rxa2 Kf5 37. Ke3 Rb8 38. h3 h5 39. Kd3 h4 40. Ra5+ Kf6
41. Kc3 Rc8+ 42. Kd2 Rb8 43. Kc2 Rc8+ 44. Kb1 Re8 45. Ra3 Kg5 46. Rf3 f5 47. b4
hxg3 48. fxg3 Rh8 49. h4+ Kg4 50. Rc3 f4 51. gxf4 Rxh4 52. Rc4 Kg3 53. b5 g5 54.
b6 Rh6 55. Rb4 gxf4 56. b7 Rh8 57. b8=Q Rxb8 58. Rxb8 f3 59. Kc2 f2 60. Rf8 Kg2
61. Kd2 f1=Q 62. Rxf1 Kxf1 1/2-1/2

[Event "Meltwater Tour Final 2021"]
[Site "chess24.com INT"]
[Date "2021.10.02"]
[Round "7.3"]
[White "Duda, Jan-Krzysztof"]
[Black "Artemiev, Vladislav"]
[Result "1-0"]
[WhiteTitle "GM"]
[BlackTitle "GM"]
[WhiteElo "2756"]
[BlackElo "2699"]
[WhiteFideId "1170546"]
[BlackFideId "24101605"]
[EventDate "2021.09.25"]

1. d4 d5 2. c4 e6 3. Nf3 Nf6 4. Nc3 Nbd7 5. Bg5 h6 6. Bh4 Be7 7. e3 O-O 8. Rc1
a6 9. c5 Ne4 10. Bxe7 Qxe7 11. Qc2 Nef6 12. Bd3 e5 13. dxe5 Nxe5 14. Nxe5 Qxe5
15. Ne2 Re8 16. Qc3 c6 17. Qxe5 Rxe5 18. Nd4 g6 19. Kd2 Ne4+ 20. Ke2 Nf6 21. Rc3
Re7 22. Rb3 Nd7 23. Rc1 f5 24. Kd2 Kf7 25. h3 Kf6 26. Be2 Nf8 27. Rb4 Be6 28.
Kc3 Bf7 29. Kb3 Ne6 30. Nxe6 Bxe6 31. Ka4 a5 32. Rd4 g5 33. Rc3 Bd7 34. Ka3 f4
35. Bh5 fxe3 36. fxe3 Be8 37. Bf3 Bg6 38. Ka4 Rae8 39. Rd2 h5 40. a3 Rxe3 41.
Kxa5 Ra8+ 42. Kb6 Rxc3 43. bxc3 Rxa3 44. Kxb7 Be8 45. Re2 Bd7 46. Kc7 Ra7+ 47.
Kd6 Bf5 48. Kxc6 Ra3 49. Bxh5 Rxc3 50. Kxd5 Rd3+ 51. Kc6 Rc3 52. Kb6 Rb3+ 53.
Kc7 Rb1 54. c6 Rc1 55. Bg4 Bd3 56. Re6+ Kf7 57. Rd6 Bf1 58. Kd8 Bxg2 59. c7 Bb7
60. Rb6 Rd1+ 61. Bxd1 1-0

[Event "Meltwater Tour Final 2021"]
[Site "chess24.com INT"]
[Date "2021.10.02"]
[Round "7.3"]
[White "So, Wesley"]
[Black "Aronian, Levon"]
[Result "1/2-1/2"]
[WhiteTitle "GM"]
[BlackTitle "GM"]
[WhiteElo "2778"]
[BlackElo "2782"]
[WhiteFideId "5202213"]
[BlackFideId "13300474"]
[EventDate "2021.09.25"]

1. e4 e5 2. Nf3 Nf6 3. Nxe5 d6 4. Nf3 Nxe4 5. d3 Nf6 6. d4 Be7 7. Bd3 O-O 8. h3
c5 9. O-O Nc6 10. Re1 cxd4 11. Nbd2 Be6 12. Nb3 Bxb3 13. axb3 a6 14. Bf1 d5 15.
Nxd4 Nxd4 16. Qxd4 Ne4 17. b4 Bf6 18. Qd3 Qb6 19. Re2 Rad8 20. c3 Be5 21. Be3
Qg6 22. Bd4 Bc7 23. Rd1 f5 24. Bc5 Rf7 25. h4 f4 26. Qf3 b6 27. Rxd5 Rxd5 28.
Rxe4 Rfd7 29. Bc4 bxc5 30. bxc5 Kf8 31. Bxd5 Rxd5 32. Re1 Qh5 33. g4 Qf7 34. b4
Qd7 35. Kf1 g6 36. c4 Rd4 37. Qa8+ Kg7 38. Qxa6 Qxg4 39. Qb7 Kh6 40. Qxc7 Qh3+
41. Kg1 Qg4+ 42. Kf1 Qh3+ 43. Kg1 Qg4+ 44. Kf1 1/2-1/2